书目信息 |
| 题名: |
入侵生态学
|
|
| 作者: | 郑景明 , 马克平 编著 | |
| 分册: | ||
| 出版信息: | 北京 高等教育出版社 2010.11 |
|
| 页数: | 280页 | |
| 开本: | 26cm | |
| 丛书名: | ||
| 单 册: | ||
| 中图分类: | X176 | |
| 科图分类: | ||
| 主题词: | 侵入种--Qin Ru Zhong--生态学 | |
| 电子资源: | ||
| ISBN: | 978-7-04-030819-8 | |
| 000 | 00975nam0 2200265 450 | |
| 001 | CAL 012010256898 | |
| 005 | 20110829143908.45 | |
| 010 | @a978-7-04-030819-8@dCNY38.00 | |
| 100 | @a20101207d2010 ekmy0chiy50 ea | |
| 101 | 0 | @achi |
| 102 | @aCN@b110000 | |
| 105 | @aak a 000yy | |
| 106 | @ar | |
| 200 | 1 | @a入侵生态学@ARu Qin Sheng Tai Xue@f郑景明, 马克平等编著 |
| 210 | @a北京@c高等教育出版社@d2010.11 | |
| 215 | @a280页@c图@d26cm | |
| 320 | @a有书目 | |
| 330 | @a本书以生物入侵过程为线索,以外来入侵种的时间和空间上的动态为核心,比较完整地展现了入侵生态学的全貌。内容包括入侵生态学的核心概念、入侵种的生物学特征和种群动态、本地生物群落对入侵的抵抗力、入侵种对生态系统的影响及评价、区域入侵种的空间扩散、全球变化组分与牛物入侵的交互作用等。 | |
| 586 | @a | |
| 606 | @a侵入种@AQin Ru Zhong@x生态学 | |
| 690 | @aX176@v5 | |
| 701 | 0 | @a郑景明@AZheng Jing Ming@4编著 |
| 701 | 0 | @a马克平@AMa Ke Ping@4编著 |
| 801 | 0 | @aCN@c20110610 |
| 905 | @dX176@eZ437@f3 | |
| 入侵生态学/郑景明, 马克平等编著.-北京:高等教育出版社,2010.11 |
| 280页:图;26cm |
| ISBN 978-7-04-030819-8:CNY38.00 |
| 本书以生物入侵过程为线索,以外来入侵种的时间和空间上的动态为核心,比较完整地展现了入侵生态学的全貌。内容包括入侵生态学的核心概念、入侵种的生物学特征和种群动态、本地生物群落对入侵的抵抗力、入侵种对生态系统的影响及评价、区域入侵种的空间扩散、全球变化组分与牛物入侵的交互作用等。 |
| ● |
| 相关链接 |
|
|
|
正题名:入侵生态学
索取号:X176/Z437
 
预约/预借
| 序号 | 登录号 | 条形码 | 馆藏地/架位号 | 状态 | 备注 |
| 1 | 888449 | 208884493 | 市政与环境工程学院资料室/501自科库 63排6列2层/ [索取号:X176/Z437] | 在馆 | |
| 2 | 888450 | 208884509 | 自科库501/501自科库 63排6列2层/ [索取号:X176/Z437] | 在馆 | |
| 3 | 888451 | 208884518 | 自科库501/501自科库 63排6列2层/ [索取号:X176/Z437] | 在馆 |